| Record ID | ia:basicmathematica00newy |
| Source | Internet Archive |
| Download MARC XML | https://archive.org/download/basicmathematica00newy/basicmathematica00newy_marc.xml |
| Download MARC binary | https://www.archive.org/download/basicmathematica00newy/basicmathematica00newy_meta.mrc |
LEADER: 00732nam 22001812 45R0
001 NYUb13602623
003 NYU
005 20080409194131.0
008 080409s19640331nyu 000 0 eng d
035 $a(nnu-cims)tr2008d0e25093
040 $aNNU$cNNU
088 $aEM-191-final
100 1 $aNew York University. Courant Institute. Division of Electromagnetic Research.
245 10 $aBasic mathematical investigations in electromagnetic wave theory. Final report.
260 $aNew York:$bCourant Institute of Mathematical Sciences, New York University,$cApril 1, 1959 - March 31, 1964.
300 $a32 p.$c28 cm.
655 0 $aTechnical reports
852 4 $aNNU$bNYU$bCourant$bTechRept$jCIMS EM-191-final$714471918$pN11990234$yAvailable$5N11990234